Central Library OPAC University of Rajshahi

Satellite Communications / (Record no. 38778)

MARC details
000 -LEADER
fixed length control field 00632pam a2200217 a 4500
001 - CONTROL NUMBER
control field 38778
003 - CONTROL NUMBER IDENTIFIER
rucl marc code (BD-RjUL)
005 - DATE AND TIME OF LATEST TRANSACTION
control field 20211209052847.0
008 - FIXED-LENGTH DATA ELEMENTS--GENERAL INFORMATION
fixed length control field 870929s1987 maua b 001 0 eng
035 ## - SYSTEM CONTROL NUMBER
System control number (BD-RjUL)
040 ## - CATALOGING SOURCE
Original cataloging agency DLC
Transcribing agency (BD-RjUL)
Modifying agency DLC
082 00 - DEWEY DECIMAL CLASSIFICATION NUMBER
Classification number 621.380422
Edition number 19
Author mark and year GAS 1984
100 1# - MAIN ENTRY--PERSONAL NAME
Personal name Gagliardi, Robert M.
9 (RLIN) 119625
245 10 - TITLE STATEMENT
Title Satellite Communications /
Statement of responsibility, etc. Robert M. Gagliardi
260 ## - PUBLICATION, DISTRIBUTION, ETC. (IMPRINT)
Place of publication, distribution, etc. India:
Name of publisher, distributor, etc. CBS Pub.,
Date of publication, distribution, etc. c1984.
300 ## - PHYSICAL DESCRIPTION
Pagination xviii, 473 p. :
Illustrations ill. ;
Size 23 cm.
500 ## - GENERAL NOTE
General note Includes index.
650 #0 - SUBJECT ADDED ENTRY--TOPICAL TERM
Topical term or geographic name as entry element Artificial satellites in telecommunication.
9 (RLIN) 117364
942 ## - ADDED ENTRY ELEMENTS (KOHA)
Source of classification or shelving scheme Dewey Decimal Classification
Koha item type Books
Holdings
Lost status Source of classification or shelving scheme Damaged status Not for loan Permanent Location Current Location Shelving location Date acquired Total Checkouts Full call number Date last seen Copy number Koha item type
  Dewey Decimal Classification   Not For Loan Department of Information and Communication Engineering (ICE) Library Department of Information and Communication Engineering (ICE) Library Seminar Library 25/02/2016   621.380422 GAS 1984 25/02/2016 C-1 Books